Bakala, Jaroslav. Moravskoslezské pomezí v proměnách 13. věku. - Brno : Matice Moravská. - 2002 [Rezension]

Titel: Bakala, Jaroslav. Moravskoslezské pomezí v proměnách 13. věku. - Brno : Matice Moravská. - 2002 [Rezension]
Verfasser:
In: Matice Moravská (Brünn): Časopis Matice Moravské, Band 122, Heft 2 (2003), Seite 584-585
alle Artikel anzeigen
Veröffentlicht: 2003
Format: Aufsatz
Sprache: Tschechisch
Kein Bild verfügbar
X
alg: 39492733
001A    $01999:12-11-16 
001B    $01999:04-08-21 $t20:59:32.000 
001D    $01999:12-11-16 
001U    $0utf8 
001X    $00 
002@    $0Aox 
003@    $0394927338 
007A    $0394927338 $aHEB 
007T    $0Herdc0062653m 
010@    $acze 
011@    $a2003 
021A    $aBakala, Jaroslav. Moravskoslezské pomezí v proměnách 13. věku. - Brno : Matice Moravská. -  2002 [Rezension] 
028A    $aBorovský $dTomáš 
031A    $d122 $e2 $h584-585 $j2003 
039B    $aIn $8--Abvc--Matice Moravská$gBrünn [Tb1]. Časopis Matice Moravské. - Brno, 1869-. - ISSN 0323-052X $x200300001220002416 $9047461179 
039T    $8--Aau--Bakala, Jaroslav$Z1931-2008 [Tp1]. Moravskoslezské pomezí v proměnách 13. věku. - 1. vyd.. - Brno : Matice Moravská, 2002. - 558 S.. - Ill.. - ISBN 80-86488-08-X $9109113101 
045F    $a900.94371 $eDDC23BSB 
045F/01 $a900 
045F/03 $g4371 
045F/03 $g4385 
045T    $a8 

lok: 39492733 78

exp: 39492733 78 1 #EPN
201B/01 $026-11-17 $t03:51:18.000 
201U/01 $0utf8 
203@/01 $0791225917 
208@/01 $a12-11-16 $be 
209A/01 $a/ $f000 $x00 
220C/01 $aTitelaufnehmer: pg 
220C/01 $aHerkunft: Hú Av Čr Praha 
220C/01 $aAnmerkung: rec.:  122, <2003>, č. 2, s. 584-585 
244Z/01 $#Tschechien $#Tschechische Republik $#Tschechische Republik $#Tschechenland $#Tschechei Tschechien $#Česká Republika $#Czech Republic $#ČR $74303381-7 $8--Tg1--Tschechien $x01 $9086659812 
244Z/01 $2Trx $#Böhmen $#Bohemia $#Czechy $8--Trx--Čechy $x02 $9391188941 
244Z/01 $2Trx $#Silesia $#Śląsk $#Sliezsko $#Slezsko $8--Trx--Schlesien $x03 $9391173987 
244Z/01 $2Trx $#arvustused $#recenzijos $#Reviews $#recenziók $#recenzje $#recenzie $#recenze $8--Trx--Rezensionen $x04 $9391357441 
247C/01 $82080>Marburg/Lahn, Herder-Institut, Forschungsbibliothek, Bibliographieportal $9336309341
LEADER 00000caa a22000002c 4500
001 394927338
003 DE-603
005 20210804205932.0
007 tu
008 161112s2003 xx |||| | u00||u|cze c
035 |a (DE-599)HEB394927338 
040 |a DE-603  |b ger  |c DE-603  |d DE-603 
041 |a cze 
082 0 4 |8 1\u  |a 900.94371  |q DE-101  |2 23/BSB 
084 |a 8  |2 ssgn 
085 |8 1\u  |b 900 
085 |8 1\u  |z 2  |s 4371 
085 |8 1\u  |z 2  |s 4385 
100 1 |a Borovský, Tomáš 
245 0 0 |a Bakala, Jaroslav. Moravskoslezské pomezí v proměnách 13. věku. - Brno : Matice Moravská. - 2002 [Rezension] 
264 0 |c 2003 
773 0 8 |i In  |a Matice Moravská (Brünn)  |t Časopis Matice Moravské  |d Brno, 1869-  |x 0323-052X  |g Band 122, Heft 2 (2003), Seite 584-585  |w (DE-603)047461179  |w (DE-600)282647-1 
787 0 8 |i Rezension von  |a Bakala, Jaroslav, 1931-2008  |t Moravskoslezské pomezí v proměnách 13. věku  |b 1. vyd.  |d Brno : Matice Moravská, 2002  |h 558 S., Ill.  |z 808648808X  |w (DE-603)109113101 
924 0 |9 2080  |a (DE-603)791225917  |b DE-2080  |c HES  |d d  |g /